000 00312nam a2200121Ia 4500
008 230524s9999 xx 000 0 und d
100 _a"Bob Hughes, Mike Cotterell, Rajib Mall"
245 0 _a"Software Project Management,"
260 _bMGH
500 _aQuantity Number: 60
650 _aComp-Sc
942 _cBK
999 _c50360
_d50360